Music Quiz

Random Music or Clickable Quiz
Score 0/34 Timer 03:00
0 Plays Today
% Correct
B
88.3%
Fi
86.5%
F
84.7%
A
84.7%
So
84%
G
84%
La
83.4%
D#
83.4%
F#
83.4%
Do
82.8%
Mi
82.8%
A#
82.8%
C
82.2%
E
82.2%
Ti
81.6%
Me
81.6%
G#
81.6%
% Correct
Di
81%
Re
81%
Fa
81%
Li
79.8%
D
79.8%
Se
79.1%
Db
79.1%
Bb
78.5%
Ri
77.9%
Ab
77.9%
Te
77.3%
Si
76.7%
Le
76.1%
C#
72.4%
Eb
72.4%
Gb
71.8%
Ra
70.6%
Remove Ads.
Support Sporcle.
Get the best of Sporcle when you Go Orange. This ad-free experience offers more features, more stats, and more fun while also helping to support Sporcle. Thank you for becoming a member.

You're not logged in!

Compare scores with friends on all Sporcle quizzes.
OR
Log In

Show Comments

Extras

Created Oct 28, 2013ReportNominate
Tags:Clickable Quiz, Fixed

Top Quizzes Today


Score Distribution

Your Account Isn't Verified!

In order to create a playlist on Sporcle, you need to verify the email address you used during registration. Go to your Sporcle Settings to finish the process.

Report this User

Report this user for behavior that violates our Community Guidelines.

Details: